Statistics for Countries with the Most Portuguese Speakers

Click here to take the quiz!

General Stats

  • This quiz has been taken 89 times
  • The average score is 7 of 10

Answer Stats

PlaceStatusSpeakersAnswer% Correct
1.National211 200 000Brazil
100%
4.National10 022 070Portugal
100%
2.National26 000 000Angola
91%
3.National15 153 590Mozambique
84%
7.746 018U.S.A.
83%
5.3 639 550Argentina
70%
6.1 089 497France
63%
9.519 300Uruguay
59%
8.704 500Paraguay
49%
10.Official508 149East Timor
47%

Score Distribution

Percentile by Number Answered

Percent of People with Each Score

Your Score History

You have not taken this quiz